• 首页
  • 本馆介绍
  • 公告通知
  • 最新文献
  • 馆藏检索
  • 电子资源
  • 读者导购
  • 参考咨询
  • 我的图书馆
  • 登录
  • 详细信息显示
  • 放入我的书架
  • 预约/预借图书
  • 作者相关作品
  • 分类相关作品
  • 丛书相关作品
  • 出版社相关作品

书目信息

  • 表格格式
  • 工作单格式
  • 卡片格式
题名:
天津·河北自助游
    
 
作者: ;上海唐码城邦咨询公司 编著
分册:  
出版信息: 北京   人民邮电出版社  2012.01
页数: 267页
开本: 21cm
丛书名:
单 册:
中图分类: K928.921 , K928.922
科图分类:
主题词: 旅游指南--天津 , 旅游指南--河北 , 旅游指南
电子资源:
ISBN: 978-7-115-27091-7
000 00984oam2 2200289 450
001 010040005472
005 20130504101512.24
010    @a978-7-115-27091-7@dCNY39.80
100    @a20120216d2012 em y0chiy0110 ea
101 0  @achi
102    @aCN@b110000
105    @aab z 000yy
106    @ar
200 1  @a天津·河北自助游@9tian jin · he bei zi zhu you@e2012-2013版@f上海唐码城邦咨询有限公司北京分公司编著
205    @a2版
210    @a北京@c人民邮电出版社@d2012.01
215    @a267页@c彩图,地图@d21cm
300    @a藏羚羊旅行指南 藏羚羊自助游系列
330    @a本书详细介绍了天津、河北的旅游景点,提供了天津、河北的历史、地理、宗教、气候、民俗等方面的背景资料。
606 0  @a旅游指南@y天津
606 0  @a旅游指南@y河北
606 0  @a旅游指南
690    @aK928.921@v4
690    @aK928.922@v4
711 02 @a上海唐码城邦咨询公司@9shang hai tang ma cheng bang zi xun gong si@b北京分公司@4编著
801  0 @aCN@bNLC@c20120228
905    @b543080-84@dK928.921@e602=2@f5
    
    天津·河北自助游:2012-2013版/上海唐码城邦咨询有限公司北京分公司编著.-2版.-北京:人民邮电出版社,2012.01
    267页:彩图,地图;21cm
    藏羚羊旅行指南 藏羚羊自助游系列
    
    ISBN 978-7-115-27091-7:CNY39.80
    本书详细介绍了天津、河北的旅游景点,提供了天津、河北的历史、地理、宗教、气候、民俗等方面的背景资料。
●
相关链接 在E读中查询图书 在五车中查询图书 在当当中查询图书 在豆瓣中查询图书


正题名:天津·河北自助游     索取号:K928.921/602=2         预约/预借

序号 登录号 条形码 馆藏地/架位号 状态 备注
1 543080   205430808   第二样本阅览室/ [索取号:K928.921/602=2] 在馆    
2 543081   205430817   密集书库-资源管理系/ [索取号:K928.921/602=2] 在馆    
3 543082   205430826   第二借阅区/ [索取号:K928.921/602=2] 在馆    
4 543083   205430835   第二借阅区/ [索取号:K928.921/602=2] 在馆    
5 543084   205430844   第二借阅区/ [索取号:K928.921/602=2] 在馆    
唐山师范学院图书馆 欢迎您!
大连网信软件有限公司© 版权所有